| 000 | 00497nam a2200181Ia 4500 | ||
|---|---|---|---|
| 008 | 230718s9999 xx 000 0 und d | ||
| 020 | _a9788121908177 | ||
| 041 | _aeng | ||
| 082 |
_a530 _bAVA |
||
| 100 |
_aAvadhanulu M.N. _9149104 |
||
| 245 | _aTextbook Of Engineering Physics | ||
| 250 | _a9th Revised ed. | ||
| 260 |
_c2015 _bS.Chand |
||
| 300 | _a1189 | ||
| 365 |
_cRs. _b600.00 |
||
| 700 | _aAvadhanulu M.N. & Kshirsagar P.G. | ||
| 906 |
_dO:0506809-May-2016B:286404-May-2016 _cBSH _b840 |
||
| 999 |
_c342000 _d342000 |
||